Central Library OPAC University of Rajshahi

Trade union development and industrial relations in the British West Indies./ (Record no. 3225)

MARC details
000 -LEADER
fixed length control field 00958cam a22002771 4500
001 - CONTROL NUMBER
control field 3225
003 - CONTROL NUMBER IDENTIFIER
rucl marc code BD-RjUL
005 - DATE AND TIME OF LATEST TRANSACTION
control field 20211208233709.0
008 - FIXED-LENGTH DATA ELEMENTS--GENERAL INFORMATION
fixed length control field 160623s1959 cauab b s001 0 eng
035 ## - SYSTEM CONTROL NUMBER
System control number (BD-RjUL)3259
System control number (OCoLC)232826
040 ## - CATALOGING SOURCE
Original cataloging agency DLC
Transcribing agency DLC
Modifying agency OCoLC
-- DLC
Language of cataloging eng
041 ## - LANGUAGE CODE
Language code of text/sound track or separate title eng
082 ## - DEWEY DECIMAL CLASSIFICATION NUMBER
Classification number 331.88097297
Edition number 16
Author mark and year KNT 1959
100 1# - MAIN ENTRY--PERSONAL NAME
Personal name Knowles, William H.
9 (RLIN) 10194
245 10 - TITLE STATEMENT
Title Trade union development and industrial relations in the British West Indies./
Remainder of title William H Knowles,
260 ## - PUBLICATION, DISTRIBUTION, ETC. (IMPRINT)
Place of publication, distribution, etc. Berkeley ;
Name of publisher, distributor, etc. University of California Press,
Date of publication, distribution, etc. 1959.
300 ## - PHYSICAL DESCRIPTION
Pagination vi, 214 p. :
Illustrations ill. ;
Size 25 cm.
500 ## - GENERAL NOTE
General note "A publication of the Institute of Industrial Relations, University of California."
504 ## - BIBLIOGRAPHY, ETC. NOTE
Bibliography, etc Bibliography: p. [205]-210.
526 ## - STUDY PROGRAM INFORMATION NOTE
Requested Dept. Economics
650 #0 - SUBJECT ADDED ENTRY--TOPICAL TERM
Topical term or geographic name as entry element Labor unions
Geographic subdivision West Indies, British.
9 (RLIN) 10195
Topical term or geographic name as entry element Industrial relations
Geographic subdivision West Indies, British.
9 (RLIN) 10196
942 ## - ADDED ENTRY ELEMENTS (KOHA)
Source of classification or shelving scheme Dewey Decimal Classification
Koha item type Books
Holdings
Lost status Source of classification or shelving scheme Damaged status Not for loan Collection code Permanent Location Current Location Shelving location Date acquired Source of acquisition Cost, normal purchase price Total Checkouts Full call number Date last seen Copy number Koha item type
  Dewey Decimal Classification   Not For Loan Non-fiction Central Library, University of Rajshahi Central Library, University of Rajshahi Reading Room 27/03/1970 Zeitlinger 48.00   331.88097297 KNT 1959 18/12/2013 C-1 Books
  Dewey Decimal Classification     Non-fiction Central Library, University of Rajshahi Central Library, University of Rajshahi   19/09/1970 Swets & Zeitlinger. 48.00   331.88097297 KNT 1959 26/12/2013 C-3 Books
  Dewey Decimal Classification     Non-fiction Central Library, University of Rajshahi Central Library, University of Rajshahi   19/09/1970 Swets & Zeitlinger. 48.00   331.88097297 KNT 1959 23/06/2016 C-2 Books